000 00304nam a22001337a 4500
008 170623b xxu||||| |||| 00| 0 eng d
020 _a044014713
041 _aeng
080 _23 ED
_a32
100 _a21
101 _aSHP
245 _aANLYSIS FOR [UBLIC DECISION
_cQUADE.E.S
942 _2udc
_cBK
999 _c18937
_d18937